Name all 11 skylander elements in 30 seconds - Statistics

General Stats
  • This quiz has been taken 80 times
  • The average score is 10 of 11
Answer Stats
Answer % Correct
Fire
100%
Water
97%
Dark
92%
Light
92%
Air
90%
Earth
90%
Life
90%
Undead
87%
Tech
85%
Magic
82%
Kaos
54%
No matching quizzes found
Score Distribution
Percent of People with Each Score
Percentile by Number Answered
Your Score History
You have not taken this quiz